Probability & random process for electrical engineering (Record no. 274746)
[ view plain ]
| 000 -LEADER | |
|---|---|
| fixed length control field | 00326 a2200121 4500 |
| 001 - CONTROL NUMBER | |
| control field | 39673 |
| 020 ## - INTERNATIONAL STANDARD BOOK NUMBER | |
| International Standard Book Number | 978-0-13-147122-1 |
| 082 ## - DEWEY DECIMAL CLASSIFICATION NUMBER | |
| Classification number | 519.20246213/GAR |
| 090 ## - LOCALLY ASSIGNED LC-TYPE CALL NUMBER (OCLC); LOCAL CALL NUMBER (RLIN) | |
| -- | 24693 |
| -- | 24693 |
| 100 ## - MAIN ENTRY--PERSONAL NAME | |
| Personal name | Garcia Leon |
| 245 ## - TITLE STATEMENT | |
| Title | Probability & random process for electrical engineering |
| 260 ## - PUBLICATION, DISTRIBUTION, ETC. | |
| Place of publication, distribution, etc. | New York |
| Name of publisher, distributor, etc. | Adeson Wesely |
| Date of publication, distribution, etc. | 1994 |
| 942 ## - ADDED ENTRY ELEMENTS (KOHA) | |
| Institution code [OBSOLETE] | NUST-CAE |
| Call number prefix | 519.20246213 |
| Withdrawn status | Lost status | Damaged status | Not for loan | Collection code | Permanent Location | Current Location | Date acquired | Total Checkouts | Full call number | Barcode | Date last seen | Price effective from | Koha item type |
|---|---|---|---|---|---|---|---|---|---|---|---|---|---|
| College of Aeronautical Engineering (CAE) | College of Aeronautical Engineering (CAE) | 04/03/2017 | 519.20246213 | CAE68112 | 04/05/2017 | 04/05/2017 | Book |
